Overshadowed Capital Cities - Statistics

General Stats
  • This quiz has been taken 42 times
  • The average score is 5 of 11
Answer Stats
Ratio Answer % Correct
12.72 Washington D.C
93%
12.6 Canberra
83%
10.2 Abuja
68%
13.97 Islamabad
49%
6.52 Rabat
46%
7.70 Dodoma
44%
49.77 New Delhi
44%
21.7 Yamoussoukro
27%
21.6 Gitega
17%
41.32 Ngerulmud
15%
7.1 Sucre
7%
No matching quizzes found
Score Distribution
Percent of People with Each Score
Percentile by Number Answered
Your Score History
You have not taken this quiz